Statistics for WWE Finishers

Click here to take the quiz!

General Stats

  • This quiz has been taken 184 times
  • The average score is 12 of 15

Answer Stats

% Correct
Go To SleepCM Punk
93%
Attitude AdjustmentJohn Cena
92%
RKORandy Orton
92%
619Rey Mysterio
92%
Rock BottomThe Rock
92%
Zig ZagDolph Ziggler
90%
Superman PunchRoman Reigns
90%
PedigreeTriple H
90%
WMDBig Show
89%
TombstoneUndertaker
89%
Dirty DeedsDean Ambrose
87%
Sweet Chin MusicShawn Michaels
87%
Curb StompSeth Rollins
85%
Five Star Frog SplashRVD
71%
Running PowerslamBrau Strowan
1%

Score Distribution

Percentile by Number Answered

Percent of People with Each Score

Your Score History

You have not taken this quiz